000 01662cam a22004577a 4500
003 CHAP
005 20220329142733.0
008 010920s2001 mx r 00110 spa d
010 _a87061
011 _a88033
035 _a98578
040 _cCHAP
090 _aTesis
100 0 0 _aArellano Abasolo, Antonio.
_96885
245 1 4 _aLos Conca'ac :
_bel orgullo de una cultura
_c/por Antonio Arellano Abasolo y Norberto Ruíz García
260 _aChapingo, Méx. :
_bEl autor,
_c2003.
300 _a135 h. :
_bilus.
502 _aTesis (Ing. Agr. Esp. en Sociología Rural) -- UACH. Departamento de Sociología Rural
530 _aTambién disponible en línea
590 _aALEPH
_b10
_c20130110
_lUCH01
_h1453
590 _aBATCH-UPD
_b10
_c20130110
_lUCH01
_h0359
590 _aBATCH-UPD
_b10
_c20130110
_lUCH01
_h2355
590 _aBATCH-UPD
_b10
_c20130410
_lUCH01
_h0032
590 _aBATCH-UPD
_b10
_c20130913
_lUCH01
_h1925
590 _aBATCH-UPD
_b10
_c20140324
_lUCH01
_h1438
590 _aBATCH-UPD
_b10
_c20141002
_lUCH01
_h0817
590 _aBATCH
_b00
_c20181121
_lUCH01
_h0758
590 _aCONVERSION
_b10
_c20130109
_lUCH01
_h1348
650 1 4 _aAculturación.
_9798
650 1 4 _aIndios de Baja California.
_957589
650 1 4 _aIndios de México
_xCultura.
_957627
650 1 4 _aSeris.
_9105154
700 0 _aRuíz García, Norberto.
_9100876
856 _3Finding aid
_uhttp://10.13.5.2/tesis/98578.pdf
_zTeclea aqui
856 _a1
_n0000471
901 _aBK
905 _aAlejandra Carrasco M.
942 _cFOLL
949 _aTesis
_bBC
_cTES
_d33724000888632
_eTS2
_fc.2
_h40772
_i98578
_sb
949 _aTesis
_bBC
_cTES
_d985781
_eTS1
_h40771
_i98578
_sb
999 _c87061
_d87061